000 00791nam a2200181Ia 4500
008 100920s9999 xx 000 0 und d
082 _b18600
_a410 थ 66
100 _aप्रियोळकर अनंत काकबा.
245 _aग्रांथिक मराठी भाषा आणि कोंकणी बोली.
260 _bगोळे व. ह, पुणे विद्यापीठ, पुणे.
_c1966
300 _a136
_bसाधी
365 _b3
520 _aभाषा.
630 _aग्रांथिक मराठी भाषा आणि कोंकणी बोली.
650 _aभाषा.
730 _aग्रांथिक मराठी भाषा आणि कोंकणी बोली.
942 _cBOOK
999 _c680159
_d680156